000 00620cam a2200205 4500
001 WB3546-18
008 000000n1999 000 0 eng u
035 _a(Sirsi) u102868
245 _aKeys to success in the high street
260 _c1999
490 _aYorkshire Post
_v25 November 1999, 21(1)
520 _aA chartered surveyor discusses the likely long term impact of electronic commerce on the property market.
590 _aWB
650 _aE-COMMERCE
650 _aRETAIL PROPERTY
650 _aINTERNET
650 _aRETAILING
690 _aPROPERTY-COMMERCIAL PROPERTY-RETAIL PROPERTY
942 _n0
999 _c61830
_d61830